000 01392nam a2200349 i 4500
003 CO-BoRNBP
005 20250206145103.0
007 ta
008 250206s2013 ck a|||| |||| 00| 0 spa d
020 _a9789588846880
040 _aCO-BoRNBP
_bspa
_cCO-BoRNBP
_erda
041 _aspa
_heng
043 _a s-ck---
082 _222
_a363.7 K35p
_bK35P
100 1 _aKim, Eunju
_eautor
_957991
245 1 _aPlástico:
_bpasado, presente y futuro/
_cEunju Kim; ilustraciones, Jiwon Lee
250 _aEdición especial
264 4 _aBogotá, Colombia,
_bEditorial Juventud, Alianza Distribuidora de Colombia,
_c2023
300 _a34 páginas sin numerar,
_bilustraciones a color,
_calto 26 cm ancho 21cm
336 _2rdacontent
_atexto
_btxt
337 _2rdamedia
_asin mediación
_bn
338 _2rdacarrier
_avolumen
_bnc
490 _aPlan Nacional de Lectura, Escritura y Oralidad
_pMinisterio de Cultura
521 _aRecomendado para un público infantil a partir de los 6 años.
534 _tPlastic, past, present and future
650 _2LEMB
_aGestión ambiental
_vLiteratura infantil
_957992
650 _2LEMB
_aPlásticos
_vAspectos ambientales
_xLiteratura infantil
_957993
650 _2LEMB
_aAprovechamiento de residuos
_vLiteratura infantil
_957994
650 _2LEMB
_aLibros ilustrados para niños
_92001
700 _aJiwon, Lee
_eilustrador
_957995
942 _2ddc
_cBKINF
999 _c56868
_d56868